Η συγκριτική φιλολογία : χώρος, σκοπός και μέθοδοι έρευνας

Αποθηκεύτηκε σε:
Λεπτομέρειες βιβλιογραφικής εγγραφής
Κύριος συγγραφέας: Πολίτου-Μαρμαρινού, Ελένη
Μορφή: Βιβλίο
Γλώσσα:Greek
Δημοσίευση: Αθήνα : Καρδαμίτσα, 1981.
Θέματα:
Ετικέτες: Προσθήκη ετικέτας
Δεν υπάρχουν, Καταχωρήστε ετικέτα πρώτοι!

MARC

LEADER 00000cam a2200000 a 4500
001 1/118323
008 190329s1981####gr | ||| |||| ||gre||
040 |a GR-MyUa  |b gre  |c GR-MyUa  |e AACR2 
041 0 |a gre 
082 7 |a 809   |2 (23) 
100 1 |a Πολίτου-Μαρμαρινού, Ελένη. 
245 1 2 |a Η συγκριτική φιλολογία :   |b χώρος, σκοπός και μέθοδοι έρευνας /   |c Ελένης Πολίτου-Μαρμαρινού. 
260 |a Αθήνα :   |b Καρδαμίτσα,   |c 1981. 
300 |a 63 σ ;   |c 21 εκ. 
504 |a Βιβλιογραφία: σ. [60]-63.  
650 0 |a Literature  |x History and criticism. 
650 0 |a Comparative literature. 
852 |a INST  |b SYROS  |e 20190329  |h 809 ΠΟΛ  |p 005500013713  |q 005500013713  |t BK  |y 0 
970 |a Κοντού  |b Παρασκευή  |z 29/03/2019